Vista normal Vista MARC

Entrada Topical Term

Número de registros utilizados en: 1

001 - CONTROL NUMBER

  • control field: 14127

003 - CONTROL NUMBER IDENTIFIER

  • control field: OSt

005 - DATE AND TIME OF LATEST TRANSACTION

  • control field: 20210301105944.0

008 - FIXED-LENGTH DATA ELEMENTS

  • fixed length control field: 210301|| aca||aabn | a|a d

040 ## - CATALOGING SOURCE

  • Original cataloging agency: OSt
  • Transcribing agency: OSt

150 ## - HEADING--TOPICAL TERM

  • Topical term or geographic name entry element: Niños cubanos

670 ## - SOURCE DATA FOUND

  • Source citation: Work cat.: (OSt): Traba, Martha, autora 14125, El son se quedo en Cuba / , 1966